1015 1433 1698 1019 1080 1980 1139 1107 1350 1754 1723 1311 1102 1362 1208 1983 1482 1560 1316 1376 1702 1698 1513 1658 1591 1767 1762 1269 1149 1115 1555 1582 1513 1217 1721 1225 1951 1263 1728 1327 1333 1632 1173 1960 1531 1681 1172 1123 1405 1515 1935 1549 1664 1348 1733 1710 1771 1161 1241 1266 1196 1860 1210 1054 1323 1743 1309 1143 1103 1365 1167 1902 1416 1881 1183 1430 1093 1748 1272 1921 1371 1854 1955 1654 1488 1894 1093 1592 1858 1166 1619 1421 1886 1017 1972 1753 1602 1023 1603 BCNSPRNW ULIB Ver.6.0+V

เปลี่ยนเป็นภาษาไทย

Change to English
 แสดงรายละเอียดบรรณานุกรม
  กลับหน้าหลัก

Brief Record : Get Marc (ISO 2709) : E-mail record : QR code < ปิดหน้าต่าง
LEADER : 00000nam 2200000uu 4500
001    13399124644
003     ULIB
008    151110s2553||||th 000 0 tha d
020    ^a9786167052088
090    ^aนว.^bร388ฮ ล.1
100    ^aรัศมีจันทร์
245    ^aไฮโซติดเกาะ ตอน เปลวแดดกลางฤดูร้อน เล่ม 2/^cรัศมีจันทร์
250    ^aพิมพ์ครั้งที่ 1
260    ^aกรุงเทพฯ :^bณ บ้านวรรณกรรม,^c2553
300    ^a376 หน้า
710 1  ^aณ บ้านวรรณกรรม
945    ^p0^l0^i026743
999    ^aเกษร โพธิ์สุวรรณ
รายการนี้ยังไม่มีแท็ก
คุณยังไม่ได้ล็อกอิน คุณสามารถมีกิจกรรมร่วมกับเว็บไซต์ได้ แต่ต้องล็อกอินก่อน ::
  ล็อกอิน

รายการสื่อสารสนเทศ

ลำดับที่ ประเภท เลขเรียก/บาร์โค้ด สถานที่ สถานะ
1. นวนิยาย
นวนิยาย
นว. ร388ฮ ล.1 ฉ.1 
  Barcode: 026743
ห้องสมุดวิทยาเขตสวรรค์ประชารักษ์
►นวนิยาย
บนชั้น
  ขอยืม

รายการใกล้เคียง
    ผู้แต่ง [รัศมีจันทร์]

BibComment


ยังไม่เคยถูกคอมเมนท์

คอมเมนท์ทรัพยากรรายการนี้
  คอมเมนท์: ไฮโซติดเกาะ ตอน ..


 Copyright 2026. Bcnsprnw @Library